Detalles MARC
| 000 -CABECERA |
| campo de control de longitud fija |
01246nam a2200277 a 4500 |
| 001 - NÚMERO DE CONTROL |
| campo de control |
000048389 |
| 005 - FECHA Y HORA DE LA ÚLTIMA TRANSACCIÓN |
| campo de control |
20240301141933.0 |
| 008 - DATOS DE LONGITUD FIJA--INFORMACIÓN GENERAL |
| campo de control de longitud fija |
190219s2019 000 spa d |
| 020 ## - NÚMERO INTERNACIONAL ESTÁNDAR DEL LIBRO |
| Número Internacional Estándar del Libro |
9789945585476 |
| 040 ## - FUENTE DE LA CATALOGACIÓN |
| Centro catalogador/agencia de origen |
DO-SdBNP |
| Lengua de catalogación |
spa |
| Centro/agencia transcriptor |
BNPHU |
| 082 ## - NÚMERO DE LA CLASIFICACIÓN DECIMAL DEWEY |
| Número de clasificación |
348.044 |
| Número de documento/Ítem |
R426p, 2019 |
| 110 1# - ENTRADA PRINCIPAL--NOMBRE DE ENTIDAD CORPORATIVA |
| Nombre de entidad corporativa o nombre de jurisdicción como elemento de entrada |
República Dominicana |
| Unidad subordinada |
Suprema Corte de Justicia |
| 9 (RLIN) |
7906 |
| 245 10 - MENCIÓN DE TÍTULO |
| Título |
Principales sentencias de la Suprema Corte de Justicia : |
| Resto del título |
año 2018 / |
| Mención de responsabilidad, etc. |
coordinación Mariano Germán Mejía, Francisco Antonio Jerez Mena, Yildalina Tatem Brache ; compilación Flavia Villegas. |
| 260 ## - PUBLICACIÓN, DISTRIBUCIÓN, ETC. |
| Lugar de publicación, distribución, etc. |
Santo Domingo : |
| Nombre del editor, distribuidor, etc. |
Poder Judicial, |
| Fecha de publicación, distribución, etc. |
2019. |
| 300 ## - DESCRIPCIÓN FÍSICA |
| Extensión |
833 p. ; |
| Dimensiones |
23 cm. |
| 590 ## - NOTA LOCAL (RLIN) |
| Nota local |
Inventariado, 2018/BT |
| 610 14 - PUNTO DE ACCESO ADICIONAL DE MATERIA--NOMBRE DE ENTIDAD CORPORATIVA |
| Nombre de entidad corporativa o nombre de jurisdicción como elemento de entrada |
SUPREMA CORTE DE JUSTICIA |
| Subdivisión geográfica |
REPÚBLICA DOMINICANA |
| 9 (RLIN) |
49809 |
| 650 #4 - PUNTO DE ACCESO ADICIONAL DE MATERIA--TÉRMINO DE MATERIA |
| Término de materia o nombre geográfico como elemento de entrada |
Jurisprudencia |
| Subdivisión geográfica |
República Dominicana |
| Subdivisión de forma |
RECOPILACIONES, REPERTORIOS, ETC. |
| 9 (RLIN) |
19123 |
| 650 #4 - PUNTO DE ACCESO ADICIONAL DE MATERIA--TÉRMINO DE MATERIA |
| Término de materia o nombre geográfico como elemento de entrada |
Legislación |
| Subdivisión geográfica |
República Dominicana |
| 9 (RLIN) |
3032 |
| 650 #4 - PUNTO DE ACCESO ADICIONAL DE MATERIA--TÉRMINO DE MATERIA |
| Término de materia o nombre geográfico como elemento de entrada |
Sentencias |
| Subdivisión geográfica |
República Dominicana |
| 9 (RLIN) |
19124 |
| 700 1# - PUNTO DE ACCESO ADICIONAL--NOMBRE DE PERSONA |
| Nombre de persona |
Germán M., Mariano, |
| Fechas asociadas al nombre |
1946- |
| Forma completa/desarrollada del nombre |
(Germán Mejía) |
| Término indicativo de función/relación |
coord. |
| 9 (RLIN) |
9311 |
| 700 1# - PUNTO DE ACCESO ADICIONAL--NOMBRE DE PERSONA |
| Nombre de persona |
Jerez Mena, Francisco Antonio, |
| Término indicativo de función/relación |
coord. |
| 9 (RLIN) |
75799 |
| 700 1# - PUNTO DE ACCESO ADICIONAL--NOMBRE DE PERSONA |
| Nombre de persona |
Tatem Brache, Yildalina, |
| Término indicativo de función/relación |
coord. |
| 9 (RLIN) |
75800 |
| 700 1# - PUNTO DE ACCESO ADICIONAL--NOMBRE DE PERSONA |
| Nombre de persona |
Villegas, Flavia, |
| Término indicativo de función/relación |
comp. |
| 9 (RLIN) |
75085 |
| 910 ## - DATOS DE OPCIÓN DEL USUARIO (OCLC) |
| Datos de opción del usuario |
Validado. Control de calidad. MFF |